000 00648cam a22002291 4500
001 sa 66006205
003 DLC
005 20260227112254.0
008 750523s1966 xx 000 0 eng
010 _asa 66006205
035 _a(OCoLC)1354508
040 _aDLC
_cNSyU
_dDLC
042 _apremarc
050 0 0 _aT56
_b.P32
082 _a658.5
100 1 _aPanda, Nalini Kanta,
_d1931-
245 1 0 _aWork study in administration.
260 _aBombay,
_bAllied Publishers
_c[1966]
300 _axi, 127 p.
_billus.
_c23 cm.
500 _a"Select reading on work study and office improvement": p. 120-124.
650 0 _aIndustrial engineering.
999 _c70375
_d70375